000 00763nam a2200205Ii 4500
003 JO-AjNU
008 230605s9999||||xx |||||||||||||| ||und||
040 _aJO-AjNU
_bara
_erda
_cJO-AjNU
041 _aara
050 1 4 _aBP134.N37 2002
100 3 _aالنجار، زغلول راغب,
_eauthor
_99460
245 0 0 _aمن آيات الإعجاز العلمي في القرآن الكريم : المفهوم العلمي للجبال في القرآن الكريم، ج3
250 _aط2
264 3 1 _aالقاهرة: مكتبة الشروق الدولية، 2002
300 _aج3: 99
336 _atext
_btxt
_2rdacontent
337 _aunmediated
_bn
_2rdamedia
338 _avolume
_bnc
_2rdacarrier
650 4 _aالقران الكريم - اعجاز
_99461
999 _aA1313
_c4881
_d4881